Il signore degli anelli /
I tiakina i:
| Kaituhi matua: | |
|---|---|
| Kaituhi rangatōpū: | |
| Ētahi atu kaituhi: | , , |
| Hōputu: | Pukapuka |
| Reo: | Itāriana |
| I whakaputaina: |
Milano :
Bompiani,
2011
|
| Putanga: | 8. ed |
| Rangatū: | Vintage
|
| Ngā Tūtohu: |
Kāore He Tūtohu, Me noho koe te mea tuatahi ki te tūtohu i tēnei pūkete!
|
MARC
| LEADER | 00000nam a22000007i 4500 | ||
|---|---|---|---|
| 001 | IT\ICCU\RMS\2690777 | ||
| 003 | ItRI | ||
| 005 | 20251021162345.0 | ||
| 008 | 150428s2011 it |||||| ||||| |||||c | ||
| 020 | |a 9788845269707 | ||
| 040 | |b ita |c Arcigay Viterbo | ||
| 041 | 7 | |a ita |2 ISO-639-2 | |
| 082 | |a 823.9 |2 21 | ||
| 100 | 1 | |a Tolkien, J. R. R. |0 IT\ICCU\CFIV\015811 |4 aut | |
| 245 | 1 | 3 | |a Il signore degli anelli / |c John Ronald Reuel Tolkien ; edizione italiana a cura di Quirino Principe ; introduzione di Elemire Zolla ; prefazione alla seconda edizione inglese di J. R. R. Tolkien. |
| 250 | |a 8. ed | ||
| 260 | |a Milano : |b Bompiani, |c 2011 | ||
| 300 | |a 1253 p. ; |c 22 cm | ||
| 500 | |a Traduzione di Vicky Alliata di Villafranca riveduta e aggiornata in collaborazione con la Società Tolkieniana Italiana | ||
| 500 | |a Contiene: la compagnia dell'Anello, le due Torri, il ritorno del Re. | ||
| 500 | |a collaborazione con traduttrice | ||
| 700 | 1 | |a Principe, Quirino |0 IT\ICCU\CFIV\002464 |4 edt | |
| 700 | 1 | |a Zolla, Elémire |0 IT\ICCU\CFIV\015275 |4 aui | |
| 700 | 1 | |a Alliata, Vittoria |0 IT\ICCU\CFIV\069103 |4 trl | |
| 710 | 2 | |a Società tolkeniana italiana |0 IT\ICCU\CFIV\181011 |4 trl | |
| 830 | 0 | |a Vintage |0 IT\ICCU\LIA\0955053 | |
| 942 | |2 ddc |c BK |n 0 | ||
| 952 | |0 0 |1 0 |2 ddc |4 0 |6 823_900000000000000_TOL_SIG |7 0 |9 9766 |a VT |b VT |d 2025-10-21 |e Dono della Biblioteca Consorziale di Viterbo |i B336 |l 0 |o 823.9 TOL SIG |p B336 |r 2025-10-21 16:25:10 |w 2025-10-21 |y BK |z Dono della Biblioteca Consorziale di Viterbo | ||
| 981 | 1 | |6 z01 |a i |b xxxe | |
| 982 | 1 | |6 z01 |a n | |
| 999 | |c 8147 |d 8147 | ||